<?xml version="1.0" encoding="UTF-8"?>
<record
    xmlns:xsi="http://www.w3.org/2001/XMLSchema-instance"
    xsi:schemaLocation="http://www.loc.gov/MARC21/slim http://www.loc.gov/standards/marcxml/schema/MARC21slim.xsd"
    xmlns="http://www.loc.gov/MARC21/slim">

  <leader>00741 am a2200217 a 4500</leader>
  <controlfield tag="005">20240223133602.0</controlfield>
  <controlfield tag="008">100618s1992||||ck a   f |||| 001 0 spa d</controlfield>
  <datafield tag="020" ind1=" " ind2=" ">
    <subfield code="a">S/N</subfield>
  </datafield>
  <datafield tag="041" ind1=" " ind2=" ">
    <subfield code="a">spa</subfield>
  </datafield>
  <datafield tag="092" ind1=" " ind2=" ">
    <subfield code="c">616.96</subfield>
    <subfield code="l">8</subfield>
    <subfield code="s">BOT</subfield>
  </datafield>
  <datafield tag="100" ind1="1" ind2=" ">
    <subfield code="a">Botero, David.</subfield>
    <subfield code="9">1200</subfield>
  </datafield>
  <datafield tag="245" ind1=" " ind2=" ">
    <subfield code="a">Parasitosis humanas.</subfield>
    <subfield code="b">Incluye animales venenosos y ponzo&#xF1;osos /</subfield>
    <subfield code="c">David Botero</subfield>
  </datafield>
  <datafield tag="250" ind1=" " ind2=" ">
    <subfield code="a">2a ed.</subfield>
  </datafield>
  <datafield tag="260" ind1=" " ind2=" ">
    <subfield code="a">Medellin [Colombia]: </subfield>
    <subfield code="b">CIB Corporaci&#xF3;n para Investigaciones Biol&#xF3;gicas;</subfield>
    <subfield code="c">1992.</subfield>
  </datafield>
  <datafield tag="300" ind1=" " ind2=" ">
    <subfield code="a">418 p.</subfield>
  </datafield>
  <datafield tag="500" ind1=" " ind2=" ">
    <subfield code="a">Botero, D. y Restrepo M. (1992). Parasitosis humanas. Incluye animales venenosos y ponzo&#xF1;osos. (2a ed.). Medellin [Colombia] : CIB.</subfield>
  </datafield>
  <datafield tag="653" ind1=" " ind2=" ">
    <subfield code="a">Parasitosis</subfield>
  </datafield>
  <datafield tag="700" ind1="1" ind2=" ">
    <subfield code="a">Restrepo, Marcos.</subfield>
    <subfield code="9">1201</subfield>
  </datafield>
  <datafield tag="930" ind1=" " ind2=" ">
    <subfield code="a">1664</subfield>
  </datafield>
  <datafield tag="942" ind1=" " ind2=" ">
    <subfield code="2">ddc</subfield>
    <subfield code="c">BK</subfield>
  </datafield>
  <datafield tag="999" ind1=" " ind2=" ">
    <subfield code="c">386</subfield>
    <subfield code="d">386</subfield>
  </datafield>
  <datafield tag="952" ind1=" " ind2=" ">
    <subfield code="0">0</subfield>
    <subfield code="1">0</subfield>
    <subfield code="2">ddc</subfield>
    <subfield code="4">0</subfield>
    <subfield code="7">0</subfield>
    <subfield code="a">BFM</subfield>
    <subfield code="b">BFM</subfield>
    <subfield code="c">CR</subfield>
    <subfield code="d">2011-05-13</subfield>
    <subfield code="l">12</subfield>
    <subfield code="o">616.96 8 BOT</subfield>
    <subfield code="p">1664</subfield>
    <subfield code="r">2017-09-06</subfield>
    <subfield code="s">2017-09-04</subfield>
    <subfield code="t">ej.1</subfield>
    <subfield code="w">2011-05-13</subfield>
    <subfield code="y">BK</subfield>
    <subfield code="z">Hemeroteca 2022</subfield>
    <subfield code="f"></subfield>
  </datafield>
  <datafield tag="952" ind1=" " ind2=" ">
    <subfield code="0">0</subfield>
    <subfield code="1">0</subfield>
    <subfield code="2">ddc</subfield>
    <subfield code="4">0</subfield>
    <subfield code="7">0</subfield>
    <subfield code="a">BFM</subfield>
    <subfield code="b">BFM</subfield>
    <subfield code="c">CR</subfield>
    <subfield code="d">2025-05-19</subfield>
    <subfield code="e">Donaci&#xF3;n Mayo 2025.</subfield>
    <subfield code="l">0</subfield>
    <subfield code="o">616.96 8 BOT </subfield>
    <subfield code="p">5033</subfield>
    <subfield code="r">2025-10-15</subfield>
    <subfield code="t">Ej. 2</subfield>
    <subfield code="w">2025-05-19</subfield>
    <subfield code="y">BK</subfield>
    <subfield code="z">Donaci&#xF3;n Mayo 2025. Sede Tordos</subfield>
    <subfield code="f"></subfield>
  </datafield>
</record>
